000 00467nam a22001457a 4500
082 _aT-66
100 _aParvez Iqbal Sulehri, Major
_948415
245 _aA laboratory investigation to study the variation in strength of commercial brand ordinary portland cements
_cMajor Parvez Iqbal Sulehri
260 _aMCE
_c1997
300 _a156 P, :
526 _a0
_b0
_c0
_dT_66
650 _aThesis
_934811
700 _aLt Col (Dr) Nasrullah Abeer
_948416
942 _2ddc
_cBK
999 _c551373
_d551373